Rok 2005 venovaný kampani za zníženie hluku na pracovisku i v bežnom živote

Podrobná bibliografia
Hlavný autor: Gecelovská, Daniela (Autor)
Médium: Článok
Jazyk:slovenčina
ISSN:0322-8347
Predmet:

MARC

LEADER 00000nab a2200000 a 4500
001 vtls008629653
003 SK-MaSNL
005 20260426083425.0
008 250505c2006 xo br|p|||||||000 b|slo
015 |a SNBRB2006/03  |2 snkbucl 
035 |a (uuid)5ec0c44c-49ab-47c2-ae8f-d33699da5fd2 
035 |a urn:nbn:sk:snk-abaej3 
035 |a (urnnbn)urn:nbn:sk:snk:ar-a0amxl 
038 |a SNKBUCL 
040 |a SNKBUCL  |b slo  |c SNKBUCL  |e AACR2 
041 0 |a slo 
044 |a xo  |c SK 
080 |a 331.41:534.83:659.11  |x (437.6)  |2 1997 
080 |a 534.83  |x (437.6)  |2 1997 
080 |a 659.11  |x (437.6)  |2 1997 
100 1 |a Gecelovská, Daniela  |4 aut  |9 639408 
245 1 0 |a Rok 2005 venovaný kampani za zníženie hluku na pracovisku i v bežnom živote  |c Daniela Gecelovská 
648 7 |a 2005  |2 snkbucl  |9 305506 
650 0 7 |a hluk na pracovisku  |2 snkbucl  |9 1451322 
650 0 7 |a kampane  |2 snkbucl  |9 404738 
651 7 |a Slovensko  |2 snkbucl  |9 14231 
773 0 |t Bezpečná práca  |g Roč. 37, č. 1 (2006), s. 20-22  |x 0322-8347 
850 |a Slovenská národná knižnica 
852 |a Slovenská národná knižnica 
954 |a odborná, vedecká literatúra pôvodná (slovenská)  |2 lita 
958 |a article14 
958 |a OND 
958 |a EUIPO 
999 |c 2904514  |d 2906444